000 00403nam a22001817a 4500
003 UA-OsUOA
001 5425
007 ta
008 20050721b un ||||| |||| 00| 0 ukr d
100 _aBrady
700 _aFrank and Price
700 _aMartin
942 _cBK
040 _aUA-OsUOA
_cUA-OsUOA
_dUA-OsUOA
245 _aEnglish Prose and Poetry 1660-1800.
_bLiterature
955 _a2
650 7 _2UDC
999 _c291587
_d291587